[Event "Kharkov Rector Cup 3rd"]
[Site "Kharkov"]
[Date "2001.04.25"]
[Round "10"]
[White "Moiseenko, Alexander"]
[Black "Eljanov, Pavel"]
[Result "1/2-1/2"]
[WhiteElo "2561"]
[BlackElo "2558"]
[Annotator "Krasenkow,M"]
[PlyCount "100"]
[EventDate "2001.04.18"]
[EventType "tourn"]
[EventRounds "10"]
[EventCountry "UKR"]
[EventCategory "13"]
[SourceTitle "CBM 083"]
[Source "ChessBase"]
[SourceDate "2001.07.05"]
[SourceVersion "1"]
[SourceVersionDate "2001.07.05"]
[SourceQuality "1"]

1. d4 Nf6 2. c4 g6 3. Nc3 d5 4. cxd5 Nxd5 5. e4 Nxc3 6. bxc3 Bg7 7. Nf3 c5 8.
Rb1 O-O 9. Be2 b6 10. O-O Bb7 11. Qd3 Qc7 {This ingenuous system of
development is often applied by the young Ucrainian GM Pavel Eljanov.} 12. Bg5
Nd7 13. Qe3 e6 {Other options:} (13... Rfe8 14. Rfd1 Bc6 15. d5 Ba4 16. Rd2 Ne5
17. Ne1 f6 18. Bh4 Rad8 19. c4 Nf7 $14 {0-1 Poluljahov,A-Gunnarsson,A/Gausdal
1994/EXT 97 (62). (62)}) (13... e5 14. d5 Nf6 15. Nd2 Ne8 16. Bh6 Nd6 17. Bxg7
Kxg7 18. f4 Rae8 19. f5 f6 (19... gxf5 20. Qg5+ Kh8 21. Qf6+ Kg8 22. Qg5+ Kh8
23. Qf6+ Kg8 24. Nc4 Nxe4 25. Qxf5 Bxd5 26. Ne3 Bc6 27. Bd3 Qb7 28. Ng4 f6 29.
Rbe1 Nd6 30. Nxf6+ Kh8 31. Qg5 Qg7 32. Qxg7+ Kxg7 33. Nxe8+ Rxe8 34. Re3 $16 {
1-0 Sherbakov,R-Eljanov,P/Polanica Zdroj 1996/EXT 98 (46). (45)}) 20. fxg6 hxg6
21. Bg4 Qe7 22. Qg3 Bc8 23. Bxc8 Rxc8 24. Rbe1 Rh8 25. Re3 Rh5 26. Qe1 Rch8 27.
h3 Rh4 28. Ref3 $14 {1-0 Bets,A-Eljanov,P/Alushta 2000/EXT 2001 (49). (48)}) (
13... Rfc8 14. Bb5 Nf6 15. d5 Ng4 16. Qd2 a6 17. Be2 b5 18. c4 b4 19. h3 Bc3
20. Qc2 Ne5 21. Nh2 f6 22. Be3 a5 23. f4 Nf7 24. Bg4 Rf8 25. e5 Bc8 26. Be6
fxe5 27. f5 $40 {1-0 Schulte,O-Dietze,F/Germany 1984/EXT 97-B (44). (43)}) 14.
Bd3 (14. e5 {is probably more accurate as it is still unclear whether the
bishop must go to d3. Here are some examples:} Rac8 (14... Rae8 15. Bb5 (15.
Nd2 $5) 15... Bc6 16. Bxc6 Qxc6 17. h4 f6 18. exf6 Nxf6 19. Ne5 Qc7 20. Rbe1
Nd5 21. Qg3 Rf5 22. h5 gxh5 23. Bh6 Kh8 24. c4 $6 Bxh6 25. cxd5 Bf4 $13 {
1-0 Halkias,S-Eljanov,P/Ohrid MKD 2001/The Week in Chess 345 (47). (46)}) 15.
Nd2 (15. Rfe1 Rfe8 16. Bb5 Bc6 {1/2-1/2 Langeweg,K-Jansa,V/La Valetta 1980/EXT
2000 (16).}) 15... cxd4 16. cxd4 Qc3 17. Bb5 Qxe3 18. fxe3 Rc2 19. Rf2 Nb8 20.
Nc4 Rxf2 21. Kxf2 f6 22. exf6 Bxf6 23. Bxf6 Rxf6+ 24. Kg3 Bc6 25. a4 Bxb5 26.
axb5 Rf7 27. Ne5 $16 {1-0 Jussupow,A-Brinck_Claussen,B/Plovdiv 1983 (35)})
14... Rac8 15. e5 {This move is necessary anyway.} Bd5 16. Ba6 Rce8 17. a4 f6
18. exf6 Nxf6 {Black's pawn structure is destroyed but White can't consolidate
his pieces.} 19. Bf4 (19. Ne5 Ne4 $1 {gives Black good counterplay, too.})
19... Qd8 20. Bg5 ({Black was threatening 20...Bxf3 and the knight could not
escape:} 20. Ne5 Bxg2 $1 21. Kxg2 Nd5 $19) 20... Ng4 $5 {Black is not
satisfied with a draw.} 21. Bxd8 Nxe3 22. fxe3 Rxd8 $15 {^^} 23. Bd3 Bh6 24.
Kf2 $2 {An innacurate move leading to material losses.} (24. Rbe1 $142) 24...
cxd4 25. cxd4 (25. exd4 $2 Bd2 {winning the c3 pawn.}) 25... e5 $1 26. e4 $8
Ba2 $1 27. Rb2 Rxd4 28. Rxa2 Rxd3 $19 {Black must now try the advance of the
b-pawn with the attack of the white e4 pawn, which prevents ...e5-e4 and thus
covers the f3 knight.} 29. a5 b5 30. Rc2 b4 (30... Ra3 $5) 31. Rc7 b3 $6 {
This pawn goes too fast. It was time to take care of the e4 pawn:} (31... Rd2+
$142 32. Kg3 Re2 {[%cal Re2e4]}) 32. Rb7 (32. Rb1 $5) 32... Rc8 $2 {A wrong
concept. Now White takes the e5 pawn and creates strong counterplay while
Black's passed pawn can't go forward.} (32... Rd4 $142 33. Re1 Ra4 34. Rxb3 (
34. Rxa7 b2 35. Rb7 Bc1) 34... Rxa5 {and Black must win.}) 33. Nxe5 Rc2+ 34.
Kg1 Be3+ 35. Kh1 Rdc3 ({Or} 35... Rf2 36. Rb8+ Kg7 37. Rb7+ {with perpetual
check.}) 36. Ng4 {White's counterplay is quite sufficient for the draw.} Bg5
37. Rb8+ ({After} 37. h4 $5 {Black can force a draw by} Rg3 (37... Rc1 $5 38.
Rxc1 Rxc1+ 39. Kh2 Bxh4 40. Rxb3 Rc7 $13) 38. hxg5 Rxg4) 37... Kg7 38. Rb7+ Kg8
39. Rb8+ Kg7 40. Rb7+ Rc7 {A harmless attempt to play for a win. The endgame
is drawn anyway.} 41. Rxb3 h5 42. Ne5 Rc1 43. Rbf3 Rxf1+ 44. Rxf1 Rc5 45. Nf3
Rxa5 46. Rb1 (46. Nxg5 {was quite enough. I will not comment the rest of the
game as I am not sure that the score is correct.}) 46... Be3 47. h4 Kf6 48. Kh2
Ra4 49. e5+ Kf5 50. Kh3 Ra3 1/2-1/2

[Event "USA-CHN Summit"]
[Site "Seattle"]
[Date "2001.03.14"]
[Round "1.8"]
[White "Baginskaite, Camilla"]
[Black "Qin, Kanying"]
[Result "1-0"]
[WhiteElo "2306"]
[BlackElo "2489"]
[Annotator "Krasenkow,M"]
[PlyCount "81"]
[EventDate "2001.03.14"]
[EventType "team"]
[EventRounds "4"]
[EventCountry "USA"]
[SourceTitle "CBM 082"]
[Source "ChessBase"]
[SourceDate "2001.05.17"]
[SourceVersion "1"]
[SourceVersionDate "2001.05.17"]
[SourceQuality "1"]
[WhiteTeam "US of America"]
[BlackTeam "China"]
[WhiteTeamCountry "USA"]
[BlackTeamCountry "CHN"]

1. d4 Nf6 2. c4 g6 3. Nc3 d5 4. cxd5 Nxd5 5. e4 Nxc3 6. bxc3 Bg7 7. Be3 c5 8.
Qd2 Qa5 9. Nf3 Nc6 10. Rb1 O-O 11. Rb5 cxd4 12. Rxa5 dxe3 13. Qxe3 Nxa5 14. h4
{About this line - see CBM73, EXT2001. White is trying to develop his
initiative on the king's side.} Be6 {This move was introduced by P.Svidler.} (
14... Bg4 15. Nd4 Rac8 16. h5 Rfd8 17. f3 Bd7 18. hxg6 hxg6 19. e5 Rc5 20. f4
Rdc8 21. Kd2 Rc4 (21... Nc4+) 22. Kc2 Ra4 23. Kb2 Nc4+ 24. Bxc4 Raxc4 25. Rd1
Ba4 (25... e6 26. Nf5 $1) 26. Nb3 Bc6 27. g3 e6 28. Rd4 $16 {Khenkin,
I-Sutovskij,E/Polanica Zdroj 1999/CBM73}) 15. Ng5 $5 (15. h5 {is harmless:}
Rfc8 16. e5 Nc4 17. Bxc4 Rxc4 $1 18. hxg6 hxg6 19. Ng5 Rac8 $1 20. Nxe6 Rxc3
21. Qg5 Rc1+ $11 {1/2-1/2 Dautov,R-Svidler,P/Istanbul TUR 2000/The Week in
Chess 314 (30)}) 15... Bxa2 {Creating a passed pawn for future counterplay.
Other moves were hardly satisfactory:} (15... Rfc8 16. Nxe6 $1 ({but not} 16.
e5 Nc4 17. Bxc4 Bxc4 18. h5 h6 19. Nf3 g5 20. Nd2 Bxa2 21. O-O b6 22. f4 gxf4
23. Rxf4 Be6 24. Rf3 Kh8 25. Rg3 a5 26. Ne4 a4 27. Nf6 exf6 {1/2-1/2 Kachiani,
K-Qin Kanying/New Delhi IND 2000/The Week in Chess 317 (27)}) 16... Bxc3+ (
16... fxe6 17. e5) (16... Rxc3 17. Qg5) 17. Ke2 fxe6 18. h5 {is quite
dangerous for Black}) (15... Nc4 {can be met by} 16. Qg3 $16) 16. h5 Rfc8 (
16... h6 17. Nf3 Rac8 18. e5) 17. e5 h6 (17... Nc4 18. Bxc4 Bxc4 19. hxg6 hxg6
20. Rh4 $1 $18 {[%cal Ye3h3,Yh4h8]}) 18. Ne4 {White is now threatening 19.hxg6
fxg6 20.Rxh6! with a decisive attack. However,} (18. Nf3 $1 {was more accurate,
with the same idea.}) 18... g5 ({Black could try} 18... Rc6 19. hxg6 Rxg6 {
but after} 20. f4 {the position of his king remained compromised.}) ({of
course, the same can be said about the position after} 18... gxh5) ({Black
could, however, play} 18... Nc4 $5 19. Bxc4 Rxc4 {and, as the e4 knight is
hanging, White can't continue} 20. hxg6 fxg6 21. Rxh6 Bxh6 22. Qxh6) 19. Nxg5
$1 {This works now as the white bishop is alive and takes part in the attack!}
Nc4 $1 (19... hxg5 20. h6 Bf8 (20... Bh8 21. Qxg5+ Kf8 22. h7 Ke8 (22... f6 23.
exf6 {[%csl Ra5]}) 23. Rh3 e6 (23... Nc6 24. Rd3 e6 25. Qf6 $3) 24. Rf3) 21.
Bd3 {[%cal Re3e4,Re3g5,Rg5f5]} Bc4 (21... Rc6 22. Qe4 Rg6 23. h7+ Kh8 24. Qa4)
22. Bf5 $1 Kh8 (22... Rc6 23. Qxg5+ Kh8 24. Rh4 $18 {[%cal Rh4g4]}) 23. Qxg5 $1
(23. Bxc8 $143 Rxc8) 23... Rc5 24. f4 Rb5 25. Rh4 Rb2 26. Rg4 Re2+ 27. Kf1
Rxe5+ 28. Kg1 f6 29. Qg6 Rxf5 30. Qxf5 $18 {[%cal Yf5g6,Yh6h7]}) 20. Bxc4 Bxc4
{Black prepares to advance his passed pawn.} (20... Rxc4 $143 21. Nf3 $16) 21.
Ne4 a5 $1 (21... Bxe5 $2 {is not good now as after} 22. Qxh6 Bg7 23. Qg5 Kf8
24. Rh3 {White's attack is decisive.}) 22. f4 $2 {The wrong pawn! Now Black's
counterplay comes first.} (22. Rh3 $6 a4 23. Rg3 Kh8) (22. g4 $1 {was correct.
After} a4 (22... Bxe5 23. g5) 23. g5 a3 24. gxh6 a2 25. Kd2 Rd8+ 26. Kc2 a1=Q
27. Rxa1 Rxa1 28. Nd6 $1 Ra2+ 29. Kc1 Ra1+ (29... Bxh6 30. Qxh6 Rxf2 31. Nxc4)
30. Kb2 Ra2+ 31. Kc1 $1 {the game ends in a draw.} (31. Kb1 $2 Bxh6 32. Qxh6
Rxf2)) 22... a4 23. f5 a3 24. Kf2 a2 25. f6 (25. Ra1 Ra5 (25... Bxe5 $6 26.
Qxh6) 26. f6 exf6 27. exf6 Rf5+ 28. Kg1 Bxf6 $17) 25... exf6 (25... a1=Q $4 26.
Rxa1 Rxa1 27. Qg3) 26. Nxf6+ Kh8 27. Ra1 Ra5 $1 28. g4 Rb5 29. Qe4 Bxf6 30.
exf6 Be6 31. Qe3 Rg5 $17 {Black's king is now safe and his passed pawn is
extremely formidable. However, the game is not over yet!} 32. Qd2 Ra8 33. Kf1
Bd5 34. Kf2 Ra4 35. c4 {A desperate attempt.} Rxc4 $4 {Wow! Why give up this
pawn?! Probably both ladies were under severe time pressure.} (35... Bxc4 $19)
36. Rxa2 Rcxg4 37. Ra8+ Kh7 38. Qd3+ Be4 39. Qd6 $6 {Again giving Black
winning chances but time-trouble play has its own rules.} (39. Qc4 Bd5 ({or} 
39... Rf5+ 40. Ke1 Rg1+ 41. Kd2 Bd5 42. Rh8+ Kxh8 43. Qc8+ Rg8 44. Qxf5 Rg5 $11
) 40. Qd3+ {leads to a draw.}) 39... Rg2+ (39... Rxh5 $142 $1 {Of course, this
move can hardly be made under time pressure!} 40. Qb8 (40. Qf8 Rh2+) 40... Bd5
41. Qh8+ Kg6 {The king safely escapes checks.} 42. Rg8+ Kf5 43. Qh7+ Kf4 44.
Rxg4+ Kxg4 $17) 40. Ke3 Bc6 $4 {Oh, my God! The 40th move!} (40... Bd5 $1 41.
Qd8 Rxh5 42. Qh8+ Kg6 43. Rg8+ Kf5 44. Rxg2 Bxg2 $17) 41. Qd3+ 1-0

[Event "Dos Hermanas-A"]
[Site "Dos Hermanas"]
[Date "2001.04.26"]
[Round "8"]
[White "Sokolov, Ivan"]
[Black "Krasenkow, Michal"]
[Result "1-0"]
[WhiteElo "2659"]
[BlackElo "2655"]
[Annotator "Krasenkow,M"]
[PlyCount "87"]
[EventDate "2001.04.19"]
[EventType "tourn"]
[EventRounds "9"]
[EventCountry "ESP"]
[EventCategory "16"]
[SourceTitle "CBM 083"]
[Source "ChessBase"]
[SourceDate "2001.07.05"]
[SourceVersion "1"]
[SourceVersionDate "2001.07.05"]
[SourceQuality "1"]

1. d4 {Ftacnik. Cifuentes} Nf6 2. c4 g6 3. Nc3 d5 4. cxd5 Nxd5 5. e4 Nxc3 6.
bxc3 Bg7 7. Nf3 c5 8. Be3 Qa5 9. Qd2 Nc6 10. Rc1 cxd4 11. cxd4 Qxd2+ 12. Kxd2
O-O 13. d5 Rd8 14. Ke1 Na5 15. Bg5 Bd7 16. Bd3 Rdc8 (16... f5 $5 {Cifuentes}
17. Rc5 (17. e5 {Cifuentes} Be8 $1 18. d6 Rdc8 19. Ke2 exd6 20. exd6 Bf8 21.
Bf4 Rd8 22. Rhd1 Bxd6 23. Bxd6 Rxd6 24. Rc5 Re6+ 25. Kf1 b6 26. Rc7 Rd6 27. Ne5
Bb5 28. Ke2 Rad8 29. Rxa7 Rd4 $1 $17 {Mateo,J-Lorente,F/corr. 1992}) 17... Rdc8
$1 18. Bxe7 fxe4 19. Bxe4 Rxc5 20. Bxc5 Re8 21. Ng5 Bh6 22. Ne6 Bxe6 23. dxe6
Rxe6 24. f3 b6 25. Bb4 Nc6 26. Bc3 Bg7 $11) 17. Ke2 e6 18. Be3 {[%mdl 4]} exd5
(18... a6 $6 {Cifuentes} 19. Bb6 $1 exd5 20. exd5 Re8+ 21. Kd2 Bh6+ 22. Be3
Bxe3+ 23. fxe3 Bb5 24. e4 Rad8 25. Nd4 $16 {1-0 Nenashev,A-Schaefer,M/Bad
Woerishofen GER 2001 (50)}) 19. exd5 Rd8 (19... b5 $5 {(Cifuentes) Kramnik,V})
20. Rc5 {'!' Cifuentes. '!' Ftacnik.} b6 21. Rc7 {Ftacnik: 'This position
could easily become very popular, black has to use great phantasy to equalize
the game.'} Bg4 (21... Bc8 {Cifuentes} 22. Ng5 $1 Bg4+ 23. f3 Bd7 24. d6 h6 25.
Ne4 f5 26. Nc3 Be6 27. Rd1 $1 Rxd6 28. Nb5 Rd7 29. Bxf5 Bxf5 30. Rdxd7 Bxd7 31.
Rxd7 Nc4 32. Bd4 Re8+ 33. Kf2 Bxd4+ 34. Nxd4 a6 35. g4 Rf8 36. Ra7 a5 37. Ne6
Rf6 38. Rg7+ Kh8 39. Re7 Ne5 40. Re8+ Kh7 41. Ng5+ hxg5 42. Rxe5 Rf4 43. Rxg5
$16 {Tregubov-Ftacnik,Neckar open 2001}) 22. h3 Bxf3+ 23. gxf3 $1 {This
paradoxal move is even stronger than} (23. Kxf3 {- see Illescas-Krasenkow in
this issue.}) 23... Be5 (23... f5 {runs into} 24. Bxf5 $1 {which is the main
idea behind 23.gxf3.}) (23... Kf8 {(relatively best) could not change the
assessment, e.g.} 24. Bg5 $1 {to shut up the g7 bishop} f6 (24... Rxd5 25. Be4
Re5 (25... Re8 26. Be7+) 26. Rd1 Kg8 27. Rdd7 Rf8 28. Be3 {followed by} Z0 29.
Bd5) 25. Be3 Rd6 (25... f5 {is still impossible:} 26. Bxf5 $1 gxf5 27. Rg1) 26.
Bf5 $3 Re8 (26... gxf5 $2 27. Rg1) 27. Be6 $16) 24. Rc2 f5 {'?!' Cifuentes.
Cifuentes: 'x Kg8'} (24... Rd7 $142 {Cifuentes} 25. f4 (25. Rhc1 {Cifuentes}
Rad8 26. f4 Bg7 27. Be4 Nb7 $13) 25... Bg7 26. f5 $1 Rad8 27. fxg6 hxg6 28. Be4
Re8 29. Bg2 b5 $1 30. Kd3 Nc4 31. Bd4 Ne5+ $11) 25. f4 Bf6 26. Rd1 {The d5
pawn is now safely protected.} Rd6 $2 {A blunder in a difficult position.} (
26... Rac8 27. Rxc8 Rxc8 28. d6 $16) (26... Nb7 27. Rc7 Nd6 28. Ba6 $16) 27.
Ba6 $1 {'+/=!' Cifuentes. deja vu - see Illescas-Krasenkow.} Kg7 (27... Rad8
28. Bc8 $1 {and the bishop transfer to e6 decides the game.}) 28. Rc7+ Kh6 29.
Bc1 {This leads to material gains as Black can't allow the d5 pawn to move
forward.} Re8+ 30. Kf3 Re7 31. Rxe7 Bxe7 32. Ba3 Rxd5 33. Rxd5 Bxa3 34. Rd7 $18
{_|_} Nc6 35. Bb5 Ne7 36. Rxa7 Bc5 37. a4 Kg7 38. Rc7 {[%cal Rc7c5]} Bd6 39.
Rd7 Bc5 40. Ke2 Kh6 41. Kd3 $1 Ng8 42. Rf7 Bxf2 43. Bc4 Bg1 44. Ke2 {Zugzwang!}
(44. Ke2 Bc5 (44... Bh2 45. Kf3 Bg1 46. Be6 Bc5 47. a5 $18) 45. a5 $1 bxa5 46.
Rc7 Bd6 47. Rd7 $18) 1-0

[Event "Bundesliga 0506"]
[Site "Germany"]
[Date "2005.12.11"]
[Round "6.4"]
[White "Braun, Arik"]
[Black "Holzke, Frank"]
[Result "0-1"]
[WhiteElo "2465"]
[BlackElo "2479"]
[Annotator "Krasenkow,M"]
[PlyCount "88"]
[EventDate "2005.10.21"]
[EventType "team-tourn"]
[EventRounds "15"]
[EventCountry "GER"]
[SourceTitle "CBM 111"]
[Source "ChessBase"]
[SourceDate "2006.04.04"]
[SourceVersion "1"]
[SourceVersionDate "2006.04.04"]
[SourceQuality "1"]
[WhiteTeam "Eppingen"]
[BlackTeam "Wattenscheid"]
[WhiteTeamCountry "GER"]
[BlackTeamCountry "GER"]

1. d4 Nf6 2. c4 g6 3. Nc3 d5 4. cxd5 Nxd5 5. e4 Nxc3 6. bxc3 Bg7 7. Nf3 c5 8.
Rb1 O-O 9. Be2 Nc6 10. d5 Ne5 11. Nxe5 Bxe5 12. Rb3 Qc7 13. Qd2 e6 14. f4 Bg7 {
A simple move, apparently good enough to equalize.} (14... c4 {, sacrificing
this pawn, is the main theoretical line - see, e.g., CBM74, annotations to S.
Ivanov-Greenfeld.}) 15. c4 exd5 16. exd5 (16. cxd5 c4 {looks risky but after
the text move Black simply gets an excellent position.}) 16... Bf5 $1 $146 {
[%mdl 8] The simplest way to develop. In the following game White outplayed
his opponent although it had little to do with the opening:} (16... Re8 17. O-O
b6 18. Bb2 Bxb2 19. Qxb2 Bd7 20. Rg3 Qd6 21. Bd3 f5 22. h4 Kf7 23. h5 Qf6 24.
Qxf6+ Kxf6 25. Kf2 a6 26. Rh1 Re7 27. Rg5 Kg7 28. hxg6 hxg6 29. g4 Rf7 30. Rb1
b5 31. Rg1 fxg4 32. Rxg6+ Kf8 33. Rh1 Rxf4+ 34. Kg2 Re8 35. Rh7 Rf7 36. Rh8+
Ke7 37. Rxe8+ Bxe8 38. Rxa6 bxc4 39. d6+ Kf8 40. Bxc4 Rf4 41. Ra8 Kg7 42. Rxe8
{1-0 Vitiugov,N-Umanskaya,I/St Petersburg 2002/EXT 2003}) 17. O-O Bd4+ 18. Kh1
b6 19. Bd3 Qd7 20. Bb2 Bxb2 21. Qxb2 Rae8 $15 {[%cal Ge8e1]} 22. Qf6 $6 {
Instead of this desperate "attack", White should have firmly defended:} (22.
Qc2 Bxd3 23. Qxd3 f5 24. Rb2 {[%cal Yb2e2]}) 22... Bxd3 23. Rxd3 Qa4 24. h4 $2
{The c4 pawn was doomed anyway but White could have given it up in a more
appropriate way:} (24. Rc3 Re4 $1 (24... Qxa2 $143) 25. a3 Rxc4 26. Rcf3 $132)
24... Qxc4 {White now doesn't get any counterplay and Black consequently
brings home his material advantage.} 25. Rff3 Qc1+ 26. Kh2 Re1 27. Kg3 Re2 28.
Kh2 c4 29. Rc3 Qd2 30. Qg5 b5 31. h5 Qd4 32. Ra3 Re1 33. Kg3 Rh1 34. hxg6 hxg6
35. d6 Qxd6 36. Qxb5 Qe7 37. Qg5 Qe1+ 38. Rf2 Rf1 39. Qc5 Re8 40. f5 Re2 41.
Qc8+ Kh7 42. Kg4 Re4+ 43. Kg5 Qc1+ 44. Kf6 Qa1+ 0-1

[Event "CUB-ch"]
[Site "Las Tunas"]
[Date "2001.04.01"]
[Round "1"]
[White "Vera Gonzalez Quevedo, Reynaldo"]
[Black "Herrera, Irisberto"]
[Result "1-0"]
[WhiteElo "2534"]
[BlackElo "2432"]
[Annotator "Krasenkow,M"]
[PlyCount "67"]
[EventDate "2001.04.01"]
[EventType "tourn"]
[EventRounds "16"]
[EventCountry "CUB"]
[EventCategory "9"]
[SourceTitle "CBM 083"]
[Source "ChessBase"]
[SourceDate "2001.07.05"]
[SourceVersion "1"]
[SourceVersionDate "2001.07.05"]
[SourceQuality "1"]

1. d4 Nf6 2. c4 g6 3. Nc3 d5 4. cxd5 Nxd5 5. e4 Nxc3 6. bxc3 Bg7 7. Nf3 c5 8.
Rb1 O-O 9. Be2 cxd4 10. cxd4 Qa5+ 11. Bd2 Qxa2 12. O-O Bg4 13. Bg5 h6 14. Bh4
a5 15. Rxb7 g5 16. Bg3 a4 17. Rc7 {This variant was discussed in CBM74 and 76.
The present game illustrates an incorrect play of Black.} a3 (17... Qb2 18. Bc4
a3 19. Bd5 Bxf3 20. gxf3 Ra6 21. Rb7 Qxd4 22. Qxd4 Bxd4 23. Bxb8 a2 24. Bxa2
Rxa2 {1/2-1/2 Horvath,C-Groszpeter,A/Gyula 2000/CBM 76 (24)}) 18. h3 Bh5 19.
Bc4 Qb2 20. Bd5 Ra5 $2 (20... Bxf3 {,like in the previous annotation, leads to
a draw.}) (20... Ra6 {was also risky but in any case better than the text move.
}) 21. Rb7 Rb5 {Black can't take on d4 now.} 22. Rxe7 Rc8 {With the rook on b6,
an immediate 22...Nc6 would be possible.} 23. Ra7 Nc6 24. Bxc6 Rxc6 25. Ra8+
Kh7 26. d5 {[%csl Gd5] This pawn turns out to be more dangerous than Black's
a-pawn.} Rcb6 $2 (26... Rc3 27. Nxg5+ ({or} 27. d6 Bxf3 28. gxf3 Rb8) 27... Kg6
28. Nf3 Bxf3 29. gxf3 Rbb3 {was possible, with a lot of complications still to
follow.}) 27. Nxg5+ $1 Kg6 28. Nf3 {[%cal Rf3h4]} Kh7 29. d6 {Black can't stop
this pawn.} Rb8 30. Rxb8 Rxb8 31. d7 Rd8 (31... Rg8 32. e5 Rd8 33. Ng5+ hxg5
34. Qxh5+ Kg8 35. e6 fxe6 (35... Qf6 36. Bc7) 36. Qe8+ $18) 32. Bc7 Rxd7 33.
Qxd7 a2 (33... Bxf3 34. gxf3 a2 35. Qxf7 $18) 34. Be5 1-0